Problematika vytyčovania hraníc pri reprivatizácii lesných pozemkov

Podrobná bibliografia
Hlavný autor: Žíhlavník, Anton (Author)
Médium: Článok
Jazyk:Slovak
Témy:
ISBN: 8022814113
Zdroj: 1. Acta facultatis forestalis Zvolen Slovakia. XLVI - 2004 1. Zvolen : Technická univerzita, 2004 1. S. 235-245 1. 0231-5785 1. 8022814113
LEADER 00945naa#a2200325#ar4500
001 000092321
003 SVKKK
005 20081029085849.0
008 081027s2004 xo #|0||||||||0|||b|slo
FMT
015 |a SNBRA2008/10 
038 |a SVKKK 
040 |a SVKKK  |b slo  |e AACR2 
041 0 |a slo  |b slo  |b ger 
044 |a xo  |c SK 
080 |a 630*92  |2 1997 
090 |a IV.200944 
100 1 |a Žíhlavník, Anton  |4 aut 
245 1 0 |a Problematika vytyčovania hraníc pri reprivatizácii lesných pozemkov  |c Anton Žíhlavník 
504 |a Bibliogr. odkazy 
546 |a Res. nem., slov. 
650 0 4 |a lesné pozemky  |x reprivatizácia  |x vytýčenie hraníc  |x identifikácia parciel 
773 0 |t Acta facultatis forestalis Zvolen Slovakia. XLVI - 2004  |d Zvolen : Technická univerzita, 2004  |g S. 235-245  |x 0231-5785  |z 8022814113 
958 |a NB 
974 |a Čr 
992 |a RZB 
BAS
852 |a SVKKK  |b BIB 
EXP
998 |a SLO